The Budget: changes in forestry taxation and the new Woodland Grant Scheme (Record no. 10173)

MARC details
000 -LEADER
fixed length control field 00609cab a2200181 4500
001 - CONTROL NUMBER
control field ABS39259
008 - FIXED-LENGTH DATA ELEMENTS--GENERAL INFORMATION
fixed length control field 090401t1988 xxu||||| |||| 00| 0 eng d
035 ## - SYSTEM CONTROL NUMBER
System control number (Sirsi) u15501
041 ## - LANGUAGE CODE
Language code of text/sound track or separate title eng
245 #4 - TITLE STATEMENT
Title The Budget: changes in forestry taxation and the new Woodland Grant Scheme
260 ## - PUBLICATION, DISTRIBUTION, ETC.
Date of publication, distribution, etc. 1988
350 ## - PRICE (NR) (BK AM CF MU VM SE) [OBSOLETE]
Price 0
490 ## - SERIES STATEMENT
Series statement Timber Grower
Volume/sequential designation (107) Summer 1988, 7-9(2)
520 ## - SUMMARY, ETC.
Summary, etc. Summarises changes announced in the Budget. The WGS came into effect on 5 April 1988; commercial woodlands are removed from income tax and corporation tax.
690 ## - LOCAL SUBJECT ADDED ENTRY--TOPICAL TERM (OCLC, RLIN)
Topical term or geographic name as entry element TAXATION
942 ## - ADDED ENTRY ELEMENTS (KOHA)
Suppress in OPAC 0
948 ## - LOCAL PROCESSING INFORMATION (OCLC); SERIES PART DESIGNATOR (RLIN)
c (OCLC) 04/03/1997
Holdings
Withdrawn status Lost status Source of classification or shelving scheme Damaged status Not for loan Home library Current library Shelving location Date acquired Total Checkouts Full call number Barcode Date last seen Copy number Price effective from Koha item type
    Dewey Decimal Classification     London London Journal article 14/09/1999   ABS39259 15501-1001 06/08/2019 1 06/08/2019 Journal article